000 00340nam a22001457a 4500
020 _a81-88008-04-4
082 _a920
_bMEN/J
100 _aMENON,A.K
245 _aILUSTRATED BIOGRAPHY OF JAWAHARLAL NEHRU
250 _aFIRST
260 _aMEERUT
_bVARUN PUBLISHING HOUSE
_c2011
300 _a96
650 _aBIOGRAPHY
_zINDIA
942 _cBK
999 _c6034
_d6034